000 01722cam a22002653a 4500
001 5061
003 PGUSA
005 20140828083113.0
008 040201s2004||||xxu|||||s|||||000 | eng d
040 _aPGUSA
_beng
042 _adc
050 4 _aPS
050 4 _aPZ
245 1 4 _aThe Children's Book of Christmas Stories
_h[electronic resource]
260 _bProject Gutenberg,
_c2004
505 0 _aChristmas at Fezziwig's Warehouse -- The Fir Tree -- The Christmas Masquerade -- The Shepherds and the Angels -- The Telltale Tile -- Little Girl's Christmas -- A Christmas Matinee -- Toinette and the Elves -- The Voyage of the Wee Red Cap -- A Story of the Christ-Child -- Jimmy Scarecrow's Christmas -- Why the Chimes Rang -- The Birds' Christmas -- The Little Sister's Vacation -- Little Wolff's Wooden Shoes -- Christmas in the Alley -- A Christmas Star -- The Queerest Christmas -- Old Father Christmas -- A Christmas Carol -- How Christmas Came to the Santa Maria Flats -- The Legend of Babouscka -- Christmas in the Barn -- The Philanthropist's Christmas -- The First Christmas-Tree -- The First New England Christmas -- The Cratchits' Christmas Dinner -- Christmas in Seventeen Seventy-Six -- Christmas Under the Snow -- Mr. Bluff's Experiences of Holidays -- Master Sandy's Snapdragon -- A Christmas Fairy -- The Greatest of These -- Little Gretchen and the Wooden Shoe -- Christmas on Big Rattle.
506 _aPublic domain in the USA.
516 _aElectronic text
653 _aChristmas stories
700 1 _aDickinson, Asa Don,
_d1876-1960
700 1 _aSkinner, Ada M.
_q(Ada Maria),
_d1878-
830 0 _aProject Gutenberg
_v5061
856 4 0 _uhttp://www.gutenberg.org/ebooks/5061
942 _cEB
999 _c234390
_d234390